| 000 | 005200000a22001810004500 | ||
|---|---|---|---|
| 020 | _a0-87123-400-9 | ||
| 041 | 0 | _aENG | |
| 082 | 0 | 4 | _aG 262.0011 B597c |
| 100 | 1 | _aBillheimer, Paul E. | |
| 245 | 1 | 0 | _aLove covers : A biblical desing for unity in the body of Christ / Paul E. Billheimer |
| 260 | _aMinneapolis, MN., USA : Bethany (ver Betania) | ||
| 300 | _a164 Pag | ||
| 001 | 7031 | ||
| 942 | _cBK | ||
| 999 |
_c37267 _d37267 |
||
| 336 |
_atexto _btxt _2rdacontent |
||
| 337 |
_2rdamedia _asin mediación _bn |
||
| 338 |
_2rdacarrier _avolumen _bnc |
||